Principles of electromechanical-energy conversion (Record no. 23169)

000 -LEADER
fixed length control field 00596nam a22002051 4500
001 - CONTROL NUMBER
control field 23169
003 - CONTROL NUMBER IDENTIFIER
control field BD-DhUET
008 - FIXED-LENGTH DATA ELEMENTS--GENERAL INFORMATION
fixed length control field 730301s1966 xx 000 0 eng
040 ## - CATALOGING SOURCE
Original cataloging agency DLC
Transcribing agency DLC
Modifying agency BD-DhUET
082 ## - DEWEY DECIMAL CLASSIFICATION NUMBER
Classification number 623.13
Item number MEI/1966
100 ## - MAIN ENTRY--PERSONAL NAME
Personal name Meisel, Jerome
245 10 - TITLE STATEMENT
Title Principles of electromechanical-energy conversion
250 ## - EDITION STATEMENT
Edition statement 1st ed.
260 ## - PUBLICATION, DISTRIBUTION, ETC. (IMPRINT)
Place of publication, distribution, etc. New York
Name of publisher, distributor, etc. McGraw-Hill
Date of publication, distribution, etc. 1966
300 ## - PHYSICAL DESCRIPTION
Extent xvii, 639p.
Other physical details ill.
490 ## - SERIES STATEMENT
Series statement McGraw-Hill electrical and electronic engineering series
504 ## - BIBLIOGRAPHY, ETC. NOTE
Bibliography, etc Includes bibliographies
650 #0 - SUBJECT ADDED ENTRY--TOPICAL TERM
Topical term or geographic name as entry element Mechinery: Electrical engineering
942 ## - ADDED ENTRY ELEMENTS (KOHA)
Koha item type General Book
Holdings
Sublocation or collection (holding branch) Koha item type Shelving location Copy number Location (home branch) Source of classification or shelving scheme Price effective from Koha full call number Damaged status Not for loan Koha date last seen Piece designation (barcode) Lost status Withdrawn status Date acquired Koha normalized classification for sorting
Central Library, BUETGeneral BookCirculation section1Central Library, BUET 2015-05-03623.13/MEI/1968  2015-05-0311878  2015-05-03623_130000000000000_MEI_1968
Central Library, BUETGeneral BookCirculation section2Central Library, BUET 2015-05-03623.13/MEI/1966  2015-05-0311877  2015-05-03623_130000000000000_MEI_1966
Central Library, BUETGeneral BookCirculation section3Central Library, BUET 2015-05-03623.13/MEI/1966  2015-05-0311875  2015-05-03623_130000000000000_MEI_1966
Central Library, BUETGeneral BookCirculation section4Central Library, BUET 2015-05-03623.13/MEI/1966  2015-05-0311438  2015-05-03623_130000000000000_MEI_1966
Central Library, BUETGeneral BookCirculation section5Central Library, BUET 2015-05-03623.13/MEI/1966  2015-05-0311876  2015-05-03623_130000000000000_MEI_1966
Central Library, BUETGeneral BookCirculation section6Central Library, BUET 2015-05-03623.13/MEI/1966  2015-05-0311437  2015-05-03623_130000000000000_MEI_1966
Central Library, BUETGeneral BookCirculation section7Central Library, BUET 2015-05-03623.13/MEI/1966  2015-05-0311879  2015-05-03623_130000000000000_MEI_1966
Central Library, BUETGeneral BookCirculation section8Central Library, BUET 2015-05-03623.13/MEI/1966  2015-05-0384929  2015-05-03623_130000000000000_MEI_1966
Central Library, BUETGeneral BookCirculation section9Central Library, BUET 2015-05-07623.13/MEI/1966  2015-05-0715539  2015-05-07623_130000000000000_MEI_1966
Central Library, BUETGeneral BookCirculation section10Central Library, BUET 2015-07-12623.13/MEI/1966  2015-07-1239251  2015-07-12623_130000000000000_MEI_1966